Facultad de Derecho – Universidad Nacional de Mar del Plata

El Plazo razonable en el proceso del Estado de Derecho (Record no. 3489)

MARC details
000 -CABECERA
campo de control de longitud fija 00508nam a22001577a 4500
020 ## - NUMERO INTERNACIONAL NORMALIZADO PARA LIBROS (ISBN)
International Standard Book Number 9508942215
080 ## - NUMERO DE CLASIFICACION DECIMAL UNIVERSAL (CDU)
Número de la Clasificación Decimal Universal 343.13 P 268
100 ## - ASIENTO PRINCIPAL--NOMBRE PERSONAL
Nombre personal Pastor, Daniel R
245 ## - MENCION DE TITULO
Título propiamente dicho El Plazo razonable en el proceso del Estado de Derecho
Parte restante del título Una Investigaciòn acerca del problema de la excesiva duraciòn del proceso penal y sus posibles soluciones
260 ## - PUBLICACION, DISTRIBUCION, ETC. (PIE DE IMPRENTA)
Lugar de publicación, distribución, etc. Buenos Aires
Nombre del editor, distribuidor, etc. Ad-Hoc
Fecha de publicación, distribución, etc. 2002
300 ## - DESCRIPCION FISICA
Extensión 700 P.
650 ## - ASIENTO SECUNDARIO DE MATERIA - TERMINO TEMATICO
Subdivisión general derecho procesal penal
650 ## - ASIENTO SECUNDARIO DE MATERIA - TERMINO TEMATICO
Subdivisión general Proceso penal
945 ## - INFORMACION DE PROCESAMIENTO LOCAL
Responsable de carga/modificación Celeste Delía
AAAA-MM-DD - Fecha de ingreso/modificación 2015-02-20
942 ## - ELEMENTOS AGREGADOS (KOHA)
Clasificación normalizada de Koha para alfabetizar _
Holdings
Retirado Perdido Dañado No se presta Ubicación permanente Locación actual Estante o sala Fecha de adquisición Total préstamos Signatura topográfica Inventario Ultima fecha vista Fecha del precio Tipo de item de Koha
        Bib. Derecho Bib. Derecho Biblioteca Graduados 20/02/2015   343.13 P 268 300553 20/02/2015 20/02/2015 LIBRO (Consulta)

XHTML | CSS | ©Biblioteca Central - Dto. Tecnología de la Información - [ Con tecnología Koha ]